000 00667nam a2200241Ia 4500
003 OSt
005 20220925204824.0
006 a|||||r|||| 00| 0
007 ta
008 220923b |||||||| |||| 00| 0 eng d
037 _cGeneral Book
040 _aRTL
_cRTL
_beng
041 _2eng
_aeng
082 _aT:(X:6).2.N7, L1
100 _aMisra Atmanand
245 0 _aEducation and finance
260 _aGwalior
_bKailash Pustak India
_c1971
300 _aviii, 335p.
_ccm.
500 _aBibliography p.321-27
650 _aEducation-Finance
_9236625
942 _hT:(X:6).2.N7, L1
_cGB
_2CC
999 _c550532
_d550532